000 00992nam a2200325 i 4500
001 25612
003 KOSZ 005
005 20200630132830.0
008 070608s1970 pl a f f |000 0 pol
015 _aPB 1971/65
035 _a(OCoLC)749646068
040 _aWA N
_cWA N
_dKOSZ 005/EC
046 _k1969
080 _a551.46
650 4 _aOceanologia
655 4 _aPodręcznik
710 2 _aPaństwowe Wydawnictwo Naukowe
_4pbl.
999 _c25612
_d25612
999 _bej
100 1 _aŁomniewski, Kazimierz
_d(1907-1978).
_eAutor
245 1 0 _aOceanografia fizyczna :
_bpodręcznik /
_cKazimierz Łomniewski.
250 _aWyd. 2 niezmien.
260 _aWarszawa :
_bPaństwowe Wydawnictwo Naukowe,
_c1970.
300 _a354, [2] s. :
_bil. ;
_c23 cm.
380 _aKsiążki.
388 _a1901-2000
388 _a1945-1989
504 _aBibliogr.
856 _uhttp://koha.tu.koszalin.pl/cgi-bin/koha/opac-detail.pl?biblionumber=25612
_yKatalog online BPK
942 _2UKD
_cKS